Our older homes : a call for action (Record no. 415156)

000 -LEADER
fixed length control field 00447cam a22001217a 4500
008 - FIXED-LENGTH DATA ELEMENTS--GENERAL INFORMATION
fixed length control field 180718b1966 xxu||||| |||| 00| 0 eng d
082 ## - DEWEY DECIMAL CLASSIFICATION NUMBER
Classification number XAx42 Un3
245 ## - TITLE STATEMENT
Title Our older homes : a call for action
Statement of responsibility, etc. by Ministry of Housing and Local Government, United Kingdom
260 ## - PUBLICATION, DISTRIBUTION, ETC.
Place of publication, distribution, etc. London
Name of publisher, distributor, etc. Her Majesty' s Stationery Office
Date of publication, distribution, etc. 1966
300 ## - PHYSICAL DESCRIPTION
Extent 57+p.
650 ## - SUBJECT ADDED ENTRY--TOPICAL TERM
Topical term or geographic name entry element Housing --Great Britain.
700 ## - ADDED ENTRY--PERSONAL NAME
Personal name United Kingdom. Ministry of Housing and Local Government
Holdings
Withdrawn status Lost status Damaged status Not for loan Permanent Location Current Location Date acquired Full call number Barcode Date last seen Price effective from Koha item type
        Indian Institute of Public Administration Indian Institute of Public Administration 2009-03-03 XAx42 Un3 DA50 2018-07-21 2018-07-21 DA

Powered by Koha